[Event "4NCL Division Four"]
[Site "Warwick, ENG"]
[Date "2024.02.11"]
[Round "6.51"]
[White "Tart, Peter K"]
[Black "Ireland, David J"]
[Result "1/2-1/2"]
[WhiteElo "1940"]
[BlackElo "1851"]
[PlyCount "83"]
[EventDate "2024.02.11"]
[WhiteTeam "Crowthorne B"]
[BlackTeam "Coventry"]

1. e4 c5 2. Nc3 Nc6 3. Bb5 Nd4 4. Bc4 e6 5. Nge2 a6 6. a4 Qc7 7. d3 Nf6 8. O-O
d6 9. Be3 Nxe2+ 10. Qxe2 Be7 11. f4 O-O 12. g4 d5 13. exd5 exd5 14. Nxd5 Nxd5
15. Bxd5 Bd6 16. Qf3 Bd7 17. Rf2 Rfe8 18. Bd2 c4 19. d4 Rab8 20. f5 Bc6 21. b3
Bxd5 22. Qxd5 c3 23. Bg5 h6 24. Bh4 Re3 25. Qg2 Rbe8 26. Raf1 R8e4 27. Rf3 Rxf3
28. Rxf3 Rxd4 29. Bg3 Rxg4 30. Kh1 Rd4 31. Be1 Rd1 32. Qe2 Rc1 33. Kg2 Be5 34.
Re3 Qc6+ 35. Kh3 Bf6 36. Qd3 Qh1 37. Bxc3 Bxc3 38. Re8+ Kh7 39. f6+ g6 40. Qxc3
Qf1+ 41. Kg3 Qg1+ 42. Kh3 1/2-1/2

[Event "4NCL Division Four"]
[Site "Warwick, ENG"]
[Date "2024.02.11"]
[Round "6.52"]
[White "Goodwin, Ed H"]
[Black "Chapman, Timothy J"]
[Result "1-0"]
[WhiteElo "1813"]
[BlackElo "1742"]
[PlyCount "75"]
[EventDate "2024.02.11"]
[WhiteTeam "Coventry"]
[BlackTeam "Crowthorne B"]

1. d4 e6 2. Nf3 Nf6 3. c4 b6 4. a3 Bb7 5. Nc3 d5 6. cxd5 Nxd5 7. e4 Nxc3 8.
bxc3 c5 9. Bd3 Be7 10. O-O O-O 11. Bb2 cxd4 12. cxd4 Nd7 13. Re1 Re8 14. Qd2
Rc8 15. Rad1 Nf8 16. Ne5 a6 17. Qf4 Bf6 18. Nf3 Ng6 19. Qe3 Qc7 20. g3 Rcd8 21.
h4 Qd7 22. h5 Nf8 23. e5 Bxf3 24. Qxf3 Bg5 25. Bxa6 Ra8 26. Bb7 Ra7 27. Bc6 Qd8
28. Bxe8 Qxe8 29. Bc1 Be7 30. Rd3 b5 31. Rb3 Ra4 32. Bb2 Ra5 33. Rc1 Qd7 34.
Qc6 Qd5 35. Qxd5 exd5 36. Rc8 h6 37. Rb8 Kh7 38. R8xb5 1-0

[Event "4NCL Division Four"]
[Site "Warwick, ENG"]
[Date "2024.02.11"]
[Round "6.53"]
[White "Shek, Daniel"]
[Black "Graff, Ben"]
[Result "1/2-1/2"]
[WhiteElo "1667"]
[BlackElo "1759"]
[PlyCount "69"]
[EventDate "2024.02.11"]
[WhiteTeam "Crowthorne B"]
[BlackTeam "Coventry"]

1. c4 e5 2. Nc3 Bb4 3. Nd5 Ba5 4. e4 c6 5. Nc3 Bxc3 6. dxc3 d6 7. Be2 Nf6 8.
Qc2 h6 9. Nf3 Bg4 10. Be3 Qc7 11. h3 Be6 12. Rd1 Nbd7 13. O-O O-O 14. Nh4 Nb6
15. c5 dxc5 16. Bxc5 Rfd8 17. Nf3 Ne8 18. Rxd8 Rxd8 19. b3 f6 20. Rd1 Rxd1+ 21.
Qxd1 Qd7 22. Bxb6 Qxd1+ 23. Bxd1 axb6 24. Nd2 Kf7 25. Kf1 Ke7 26. Ke2 Nd6 27.
Kd3 b5 28. Bh5 c5 29. Be2 b6 30. Ke3 Bf7 31. f4 exf4+ 32. Kxf4 g5+ 33. Ke3 Bg6
34. g4 Ke6 35. Bd3 1/2-1/2

[Event "4NCL Division Four"]
[Site "Warwick, ENG"]
[Date "2024.02.11"]
[Round "6.54"]
[White "Manickam, Saravanna Bava"]
[Black "Leadbetter, Scott"]
[Result "1-0"]
[WhiteElo "1781"]
[BlackElo "1623"]
[PlyCount "87"]
[EventDate "2024.02.11"]
[WhiteTeam "Coventry"]
[BlackTeam "Crowthorne B"]

1. d4 Nf6 2. c4 c5 3. d5 e5 4. Nc3 d6 5. Qc2 Be7 6. Bg5 Nxd5 7. Bxe7 Nxe7 8. e3
O-O 9. Bd3 f5 10. O-O-O Nbc6 11. a3 Be6 12. Nh3 e4 13. Be2 a6 14. Nf4 Bf7 15.
g4 Ng6 16. Ncd5 Qg5 17. gxf5 Nd4 18. Qxe4 Rae8 19. Qb1 Nxe2+ 20. Nxe2 Nh4 21.
Rhg1 Qh6 22. Nef4 Bxd5 23. Rxd5 Rf6 24. Rg3 Re5 25. Qd3 Nxf5 26. Rg2 g6 27.
Rxe5 dxe5 28. Qd5+ Kh8 29. Qxe5 Qg7 30. Nh5 gxh5 31. Rxg7 Kxg7 32. Qxc5 Kg6 33.
e4 Nh4 34. Qe3 Nf3 35. b4 Kf7 36. Qa7 Ne5 37. Qxb7+ Kg6 38. Qd5 Ng4 39. e5 Rf5
40. Qd6+ Kg5 41. e6 Kf6 42. e7+ Kf7 43. e8=Q+ Kxe8 44. Qe6+ 1-0

[Event "4NCL Division Four"]
[Site "Warwick, ENG"]
[Date "2024.02.11"]
[Round "6.55"]
[White "McKean, Matthew"]
[Black "Towers, Nigel S"]
[Result "0-1"]
[WhiteElo "1501"]
[BlackElo "1730"]
[PlyCount "78"]
[EventDate "2024.02.11"]
[WhiteTeam "Crowthorne B"]
[BlackTeam "Coventry"]

1. c4 e5 2. Nc3 Nf6 3. g3 d5 4. cxd5 Nxd5 5. Bg2 Nb6 6. e3 Nc6 7. Nge2 Be6 8.
O-O Be7 9. f4 f6 10. fxe5 fxe5 11. d4 exd4 12. Nxd4 Nxd4 13. Qxd4 Qxd4 14. exd4
c6 15. Bf4 Kd7 16. Be5 Rhg8 17. Ne4 Nc4 18. b3 Nxe5 19. dxe5 Kc7 20. Rac1 Rad8
21. Nc5 Bxc5+ 22. Rxc5 Rd2 23. Rf2 Rgd8 24. Rc2 Rd1+ 25. Rf1 Bf5 26. Re2 Rxf1+
27. Bxf1 Be6 28. h4 Rd3 29. Kh2 Kd7 30. Bh3 h5 31. Bxe6+ Kxe6 32. Kg2 Rd5 33.
Kf3 Rxe5 34. Rxe5+ Kxe5 35. g4 g6 36. gxh5 gxh5 37. Ke3 Kf5 38. Kf3 c5 39. a4
b6 0-1

[Event "4NCL Division Four"]
[Site "Warwick, ENG"]
[Date "2024.02.11"]
[Round "6.56"]
[White "Edwards, Rhys"]
[Black "Rao, Shree"]
[Result "1-0"]
[WhiteElo "1658"]
[BlackElo "1442"]
[PlyCount "149"]
[EventDate "2024.02.11"]
[WhiteTeam "Coventry"]
[BlackTeam "Crowthorne B"]

1. d4 Nf6 2. Nf3 g6 3. c4 Bg7 4. Nc3 d5 5. Qb3 c5 6. cxd5 cxd4 7. Nxd4 Nxd5 8.
Qxd5 Bxd4 9. Qxd8+ Kxd8 10. Bf4 Bd7 11. Rc1 Nc6 12. e3 Bg7 13. Bc4 e5 14. Bg5+
f6 15. Bh4 g5 16. Bg3 Rc8 17. Ne4 Na5 18. Nd6 Ke7 19. Nxc8+ Rxc8 20. O-O Rxc4
21. b3 Rxc1 22. Rxc1 Nc6 23. f3 f5 24. e4 f4 25. Bf2 Kd6 26. Bc5+ Ke6 27. Rd1
Be8 28. Kf2 a6 29. g3 Nd4 30. gxf4 gxf4 31. Rg1 Bf6 32. Rc1 Kd7 33. Bb6 Nc6 34.
Rc5 Bd8 35. Rd5+ Ke7 36. Bxd8+ Nxd8 37. Rxe5+ Ne6 38. Kg2 Bf7 39. Kh3 Bg6 40.
Kg4 b6 41. Rd5 Nc7 42. Re5+ Ne6 43. Rd5 Nc7 44. Rd2 Ne6 45. a3 h6 46. b4 b5 47.
h4 h5+ 48. Kh3 Be8 49. Rd5 Bg6 50. Kg2 Be8 51. Kf2 Bg6 52. Ke2 Be8 53. Kd3 Bg6
54. Kc3 Bf7 55. Rf5 Bg6 56. Re5 Kf6 57. Rd5 Ke7 58. e5 Be8 59. Rd6 Nd8 60. Kd3
Bc6 61. Ke2 Be8 62. Kd3 Bc6 63. Ke2 Be8 64. Rh6 Nc6 65. Kd3 Nxe5+ 66. Ke4 Nc6
67. Kxf4 Kd7 68. Ke4 Ke7 69. Kd5 Nb8 70. f4 Bf7+ 71. Kc5 Nd7+ 72. Kc6 Nf6 73.
f5 Ng4 74. Rd6 Ne5+ 75. Kc7 1-0

[Event "4NCL Division Four"]
[Site "Warwick, ENG"]
[Date "2024.02.11"]
[Round "6.61"]
[White "Vachtfeidl, Petr"]
[Black "Davis, Lee"]
[Result "1-0"]
[WhiteElo "1920"]
[BlackElo "2076"]
[PlyCount "49"]
[EventDate "2024.02.11"]
[WhiteTeam "CSC/Kingston 3"]
[BlackTeam "The Full Ponty"]

1. d4 e6 2. e4 d5 3. Nd2 Nf6 4. e5 Nfd7 5. Bd3 c5 6. c3 Nc6 7. Ne2 Be7 8. Nf3
b6 9. O-O cxd4 10. cxd4 Nb4 11. Bb1 Ba6 12. Re1 Rc8 13. Nc3 O-O 14. a3 Nc6 15.
Qc2 g6 16. Bh6 Re8 17. b4 Bc4 18. Qd2 b5 19. Qf4 a5 20. Ng5 Bxg5 21. Bxg5 Qb6
22. Rd1 Bb3 23. Bf6 Nxf6 24. exf6 Nxd4 25. Qh6 1-0

[Event "4NCL Division Four"]
[Site "Warwick, ENG"]
[Date "2024.02.11"]
[Round "6.62"]
[White "Adams, Mark"]
[Black "Eckert, Jonathan"]
[Result "1-0"]
[WhiteElo "2004"]
[BlackElo "1758"]
[PlyCount "79"]
[EventDate "2024.02.11"]
[WhiteTeam "The Full Ponty"]
[BlackTeam "CSC/Kingston 3"]

1. e4 e6 2. d4 d5 3. Nc3 Bb4 4. e5 c5 5. Bd2 Nc6 6. Nb5 cxd4 7. Bxb4 Nxb4 8. a3
Nc6 9. f4 Qb6 10. Qd2 Bd7 11. Nd6+ Kf8 12. O-O-O Nge7 13. Nf3 Nf5 14. Nxf5 exf5
15. Nxd4 Nxd4 16. Qxd4 Qxd4 17. Rxd4 Be6 18. Be2 Ke7 19. Rhd1 Rhd8 20. Bf3 Rd7
21. Bxd5 Rad8 22. c4 Rc7 23. Bxe6 Rxd4 24. Rxd4 fxe6 25. b4 b6 26. Kb2 h6 27.
h4 Rc8 28. Kb3 g5 29. hxg5 hxg5 30. g3 gxf4 31. gxf4 Rg8 32. c5 Rg3+ 33. Ka4
bxc5 34. bxc5 Re3 35. Kb4 a5+ 36. Kxa5 Rxa3+ 37. Kb5 Rb3+ 38. Kc6 Rc3 39. Kb6
Rb3+ 40. Kc7 1-0

[Event "4NCL Division Four"]
[Site "Warwick, ENG"]
[Date "2024.02.11"]
[Round "6.63"]
[White "Cooke, Charlie"]
[Black "Perrett, David C"]
[Result "0-1"]
[WhiteElo "1737"]
[BlackElo "2012"]
[PlyCount "48"]
[EventDate "2024.02.11"]
[WhiteTeam "CSC/Kingston 3"]
[BlackTeam "The Full Ponty"]

1. d4 f5 2. c4 Nf6 3. Nc3 g6 4. e3 Bg7 5. Bd3 Nc6 6. Bd2 e5 7. dxe5 Nxe5 8. Be2
d6 9. Rc1 O-O 10. Nf3 Nf7 11. O-O Ne4 12. Be1 c6 13. Qc2 Qe7 14. b3 Bd7 15.
Nxe4 fxe4 16. Nd2 Rae8 17. Nb1 Qg5 18. Kh1 Be5 19. g3 Bh3 20. Rg1 Bg4 21. Bxg4
Qxg4 22. Qd1 Qf5 23. Rf1 Ng5 24. Kg2 Qh3+ 0-1

[Event "4NCL Division Four"]
[Site "Warwick, ENG"]
[Date "2024.02.11"]
[Round "6.64"]
[White "Roberts, David L"]
[Black "Grey, Nicholas D"]
[Result "0-1"]
[WhiteElo "1979"]
[BlackElo "1693"]
[PlyCount "134"]
[EventDate "2024.02.11"]
[WhiteTeam "The Full Ponty"]
[BlackTeam "CSC/Kingston 3"]

1. e4 c5 2. Nf3 d6 3. d4 cxd4 4. Nxd4 Nf6 5. Nc3 g6 6. Be3 Bg7 7. f3 O-O 8. Qd2
Nc6 9. Bc4 Bd7 10. O-O-O Rc8 11. Bb3 Ne5 12. Kb1 Nc4 13. Bxc4 Rxc4 14. g4 h5
15. gxh5 Nxh5 16. Rhg1 Be5 17. Nb3 a5 18. Rxg6+ fxg6 19. Qd5+ e6 20. Qxc4 Rxf3
21. Bd4 Qf6 22. Bxe5 Qxe5 23. Qc7 Bc6 24. Qxa5 Qxh2 25. Qd8+ Rf8 26. Qe7 Qe5
27. Nd4 Re8 28. Nxc6 Rxe7 29. Nxe5 dxe5 30. Kc1 Nf4 31. Rd8+ Kg7 32. Kd2 g5 33.
Ke3 Kf7 34. Rd1 Kg6 35. Rg1 Rh7 36. Kf3 Rh3+ 37. Kg4 Rh4+ 38. Kg3 Rh3+ 39. Kg4
Rh2 40. Nd1 Rxc2 41. a4 Nd3 42. b3 Rc1 43. Kf3 Rb1 44. Ke2 Rxb3 45. Ne3 Nc5 46.
a5 Nxe4 47. Nc4 Rb5 48. Ke3 Nf6 49. Ra1 e4 50. Kd4 Rd5+ 51. Ke3 g4 52. Rb1 Rc5
53. Kd4 Rd5+ 54. Ke3 Rc5 55. Kd4 Rc7 56. Nd6 e5+ 57. Kxe5 Rc5+ 58. Kf4 Rxa5 59.
Rxb7 Ra3 60. Rb2 Rf3+ 61. Ke5 e3 62. Re2 g3 63. Nc4 Ng4+ 64. Ke4 Rf2 65. Re1 g2
66. Ne5+ Nxe5 67. Kxe3 Rf1 0-1

[Event "4NCL Division Four"]
[Site "Warwick, ENG"]
[Date "2024.02.11"]
[Round "6.65"]
[White "Fletcher-Bott, Russell"]
[Black "Hughes, Anthony"]
[Result "0-1"]
[WhiteElo "1737"]
[BlackElo "1883"]
[PlyCount "80"]
[EventDate "2024.02.11"]
[WhiteTeam "CSC/Kingston 3"]
[BlackTeam "The Full Ponty"]

1. e4 c6 2. d4 d5 3. f3 e6 4. Nc3 Bb4 5. Nge2 Nd7 6. a3 Ba5 7. b4 Bc7 8. e5 a5
9. b5 c5 10. f4 Nh6 11. Na4 Qe7 12. Be3 Nf5 13. Bf2 cxd4 14. Nxd4 Nxd4 15. Qxd4
f6 16. Bg3 fxe5 17. fxe5 Qg5 18. Be2 Bxe5 19. Bxe5 Qxe5 20. Rd1 O-O 21. c4 dxc4
22. Qxc4 Rf4 23. Qb3 b6 24. Nb2 Nc5 25. Rd8+ Kf7 26. Qg3 Bb7 27. Rxa8 Bxa8 28.
Nd3 Qa1+ 29. Bd1 Qc3+ 30. Ke2 Nxd3 31. Qxd3 Rf2+ 32. Ke3 Qc5+ 33. Qd4 Qxd4+ 34.
Kxd4 Rxg2 35. Rf1+ Ke7 36. h3 Bd5 37. Re1 Rg3 38. Bg4 Rxa3 39. Rc1 Kd6 40. Rc8
e5# 0-1

[Event "4NCL Division Four"]
[Site "Warwick, ENG"]
[Date "2024.02.11"]
[Round "6.66"]
[White "Llewellyn, Alan M"]
[Black "Buanne, Fabio"]
[Result "0-1"]
[WhiteElo "1687"]
[BlackElo "1622"]
[PlyCount "98"]
[EventDate "2024.02.11"]
[WhiteTeam "The Full Ponty"]
[BlackTeam "CSC/Kingston 3"]

1. c4 Nf6 2. Nc3 g6 3. e4 d6 4. f4 c5 5. Nf3 Nc6 6. Be2 Bg7 7. d3 O-O 8. O-O e6
9. h3 a6 10. Be3 Nd7 11. Qa4 Nd4 12. Bxd4 cxd4 13. Nb5 Nc5 14. Qa3 e5 15. fxe5
axb5 16. Qxa8 bxc4 17. Qa3 Bh6 18. dxc4 Nxe4 19. Nxd4 Qb6 20. c5 Nxc5 21. Kh1
dxe5 22. Nf3 e4 23. Nd4 Bg7 24. Rac1 Bxd4 25. Rc4 Ne6 26. Rfc1 Bxb2 27. Rb1
Bxa3 28. Rxb6 f5 29. Rxc8 Rxc8 30. Rxe6 Rc6 31. Rxc6 bxc6 32. g4 f4 33. Bc4+
Kg7 34. Kg2 g5 35. Be6 h6 36. Bf5 e3 37. Kf3 Kf6 38. Bd3 Ke5 39. Bf1 Kd4 40. h4
c5 41. hxg5 hxg5 42. Ke2 Kc3 43. Bg2 Kd4 44. Kd1 c4 45. Bf3 Kd3 46. Be2+ Kc3
47. Bf3 Kb2 48. Bd5 c3 49. Bb3 f3 0-1

[Event "4NCL Division Four"]
[Site "Warwick, ENG"]
[Date "2024.02.11"]
[Round "6.71"]
[White "Ortiz Sanchez, Luis"]
[Black "Bentley, Alex"]
[Result "1-0"]
[WhiteElo "1998"]
[BlackElo "1775"]
[PlyCount "137"]
[EventDate "2024.02.11"]
[WhiteTeam "Iceni 2"]
[BlackTeam "Ashfield 3"]

1. e4 c5 2. Nc3 e6 3. Nge2 Nc6 4. g3 b6 5. Bg2 Bb7 6. O-O Nge7 7. Re1 Nd4 8. a4
a6 9. Nb1 d5 10. d3 dxe4 11. dxe4 e5 12. c3 Nxe2+ 13. Qxe2 Ng6 14. Na3 Bd6 15.
Nc4 Qc7 16. Ne3 O-O 17. Rd1 Ne7 18. Nc4 Rad8 19. Be3 Nc8 20. Rd2 Be7 21. Rad1
f6 22. b3 Bc6 23. Rxd8 Rxd8 24. Rxd8+ Qxd8 25. Nb2 Bb7 26. f3 Qd7 27. Qf1 Qc6
28. Bh3 b5 29. Qd3 Nb6 30. Bf1 bxa4 31. bxa4 a5 32. Qc2 Kf8 33. Kf2 Qd7 34. Qb3
Qc6 35. Bb5 Qc7 36. Nc4 Nc8 37. Na3 Nb6 38. Be2 Qc6 39. Nc4 Nxc4 40. Bxc4 Qc7
41. Bg8 Ke8 42. Bxh7 c4 43. Qb5+ Kf8 44. Bg6 Qc6 45. Qxa5 Qa6 46. Qc7 Qc6 47.
Qxc6 Bxc6 48. a5 Bb5 49. Bb6 Ba3 50. Ke2 Ke7 51. Kd2 Kd6 52. Bf5 Ba6 53. Bd8
Bc5 54. g4 Bg1 55. h4 Bh2 56. g5 Bf4+ 57. Kc2 fxg5 58. h5 Be3 59. Bg4 Bb7 60.
Bf6 Bf4 61. Bxg7 Ke7 62. h6 Kf7 63. Bh5+ Kg8 64. Bg6 g4 65. Bf6 Bxh6 66. fxg4
Bg7 67. Bxg7 Kxg7 68. Bf5 Kf6 69. Kb2 1-0

[Event "4NCL Division Four"]
[Site "Warwick, ENG"]
[Date "2024.02.11"]
[Round "6.72"]
[White "Hill, Maurice J"]
[Black "Gibbs, Dominic V"]
[Result "0-1"]
[WhiteElo "1760"]
[BlackElo "1997"]
[PlyCount "52"]
[EventDate "2024.02.11"]
[WhiteTeam "Ashfield 3"]
[BlackTeam "Iceni 2"]

1. g3 e5 2. Bg2 Nc6 3. d3 g6 4. Nd2 Bg7 5. Ngf3 d6 6. O-O Nh6 7. c3 O-O 8. e4
f5 9. Qc2 Be6 10. b4 a6 11. Re1 f4 12. Rb1 g5 13. Nf1 Bg4 14. gxf4 gxf4 15.
N1d2 Rf6 16. d4 Rg6 17. Kh1 Nf7 18. d5 Ne7 19. Qd3 Rh6 20. Qf1 Ng6 21. c4 Nh4
22. Rb3 Nxg2 23. Nxe5 Nxe5 24. Qxg2 Rg6 25. Qf1 Qh4 26. Bb2 f3 0-1

[Event "4NCL Division Four"]
[Site "Warwick, ENG"]
[Date "2024.02.11"]
[Round "6.73"]
[White "Lewis, Stephen"]
[Black "Graham, Neil"]
[Result "1-0"]
[WhiteElo "1893"]
[BlackElo "1739"]
[PlyCount "59"]
[EventDate "2024.02.11"]
[WhiteTeam "Iceni 2"]
[BlackTeam "Ashfield 3"]

1. e4 e5 2. d4 exd4 3. Qxd4 Nc6 4. Qe3 b6 5. Nc3 Bc5 6. Qg3 Bf8 7. Bf4 d6 8.
O-O-O Bd7 9. e5 dxe5 10. Bxe5 Rc8 11. Bxg7 Bxg7 12. Qxg7 Qf6 13. Re1+ Nce7 14.
Qg3 Be6 15. Bd3 Nh6 16. Ne4 Qd4 17. Ne2 Qa4 18. N2c3 Qd4 19. Nb5 Qa4 20. Nxc7+
Rxc7 21. Bb5+ Qxb5 22. Nd6+ Kf8 23. Nxb5 Rc5 24. Nd4 Nhf5 25. Nxe6+ fxe6 26.
Qf3 Kg7 27. Rxe6 Rxc2+ 28. Kb1 Rhc8 29. Rhe1 R2c7 30. g4 1-0

[Event "4NCL Division Four"]
[Site "Warwick, ENG"]
[Date "2024.02.11"]
[Round "6.74"]
[White "Taylor, Marcel V"]
[Black "Rosenbach, Martin"]
[Result "0-1"]
[WhiteElo "1679"]
[BlackElo "1883"]
[PlyCount "134"]
[EventDate "2024.02.11"]
[WhiteTeam "Ashfield 3"]
[BlackTeam "Iceni 2"]

1. d4 Nf6 2. c4 g6 3. Nc3 d5 4. Bg5 Bg7 5. e3 c6 6. Nf3 O-O 7. cxd5 cxd5 8. Qb3
e6 9. Be2 Nbd7 10. O-O Qb6 11. Rfc1 Qxb3 12. axb3 Ne4 13. Bf4 Nxc3 14. Rxc3 f6
15. Bd6 Rf7 16. Rc7 Bf8 17. Bg3 Nb6 18. Rac1 Be7 19. Ne1 Bd8 20. Rxf7 Kxf7 21.
Nd3 Bd7 22. Bc7 Ke7 23. Bxd8+ Kxd8 24. Nc5 Rb8 25. f4 Ke7 26. Rc3 Bc6 27. Bg4
f5 28. Be2 Nc8 29. Kf1 Nd6 30. Ke1 Bb5 31. Bf3 b6 32. Nd3 Bxd3 33. Rxd3 Nb5 34.
Be2 Rc8 35. Kd1 Kf6 36. Rd2 Nd6 37. Bf3 Ke7 38. Rd3 Nb5 39. Be2 Rc7 40. Rd2 Nd6
41. Bf3 Kd7 42. Rc2 Rxc2 43. Kxc2 b5 44. g4 b4 45. h3 fxg4 46. hxg4 h6 47. Kd3
Ne8 48. e4 Kd6 49. f5 dxe4+ 50. Bxe4 exf5 51. gxf5 Nf6 52. Bf3 gxf5 53. Kc4 h5
54. Kxb4 h4 55. Kb5 Ne4 56. Ka6 Nd2 57. Bg2 Nxb3 58. d5 f4 59. Kxa7 Nd4 60. b4
f3 61. Bf1 Kxd5 62. Kb7 Ke4 63. Kb6 Nc2 64. b5 Nd4 65. Kc5 Nxb5 66. Bxb5 h3 67.
Bc6+ Ke3 0-1

[Event "4NCL Division Four"]
[Site "Warwick, ENG"]
[Date "2024.02.11"]
[Round "6.75"]
[White "Donaghay, Richard H"]
[Black "Taylor, Robert P"]
[Result "1-0"]
[WhiteElo "1805"]
[BlackElo "1732"]
[PlyCount "61"]
[EventDate "2024.02.11"]
[WhiteTeam "Iceni 2"]
[BlackTeam "Ashfield 3"]

1. e4 Nc6 2. Nc3 d6 3. d4 g6 4. f4 Bg7 5. Nf3 e6 6. Be3 Nge7 7. Qd2 O-O 8.
O-O-O d5 9. e5 a6 10. h4 h5 11. Rg1 b5 12. g4 hxg4 13. Rxg4 Nf5 14. Bf2 Nce7
15. Bd3 Bd7 16. Rdg1 Be8 17. h5 Qd7 18. hxg6 fxg6 19. Bxf5 Nxf5 20. Nh4 Nxh4
21. Bxh4 Rf5 22. Bg5 c5 23. dxc5 b4 24. Nd1 Qa4 25. Kb1 Rc8 26. b3 Qb5 27. Ne3
Rf7 28. Rh1 Qxc5 29. Rgh4 Bc6 30. Qh2 d4 31. Rh8+ 1-0

[Event "4NCL Division Four"]
[Site "Warwick, ENG"]
[Date "2024.02.11"]
[Round "6.76"]
[White "Willoughby, Robert H"]
[Black "Rosenbach, Philip"]
[Result "1/2-1/2"]
[WhiteElo "1620"]
[BlackElo "1102"]
[PlyCount "67"]
[EventDate "2024.02.11"]
[WhiteTeam "Ashfield 3"]
[BlackTeam "Iceni 2"]

1. d4 Nf6 2. c4 d6 3. Nf3 Nbd7 4. Nc3 e5 5. e4 b6 6. d5 Bb7 7. h3 Nc5 8. Qc2 c6
9. b4 Ncd7 10. Bd3 Be7 11. O-O O-O 12. Be3 a5 13. b5 cxd5 14. exd5 Rc8 15. Qd2
Qc7 16. Rac1 Nc5 17. Bf5 Rcd8 18. Bb1 Rc8 19. Rfe1 Ncd7 20. Ne2 Qd8 21. Ng3 Rc7
22. Nf5 Re8 23. Qe2 Qc8 24. g4 h6 25. N3h4 Nc5 26. Nxe7+ Rexe7 27. Nf5 Re8 28.
Nxd6 Qd7 29. Nxe8 Qxe8 30. g5 hxg5 31. Bxg5 Qc8 32. Qf3 Ncd7 33. Bf5 Rxc4 34.
Rcd1 1/2-1/2

[Event "4NCL Division Four"]
[Site "Warwick, ENG"]
[Date "2024.02.11"]
[Round "6.81"]
[White "Gregory, Keith D F"]
[Black "Cont, Arya"]
[Result "1/2-1/2"]
[WhiteElo "2009"]
[BlackElo "2050"]
[PlyCount "58"]
[EventDate "2024.02.11"]
[WhiteTeam "Wessex B"]
[BlackTeam "Oxford 3"]

1. Nf3 Nf6 2. c4 g6 3. g3 Bg7 4. Bg2 O-O 5. O-O d6 6. Nc3 Nbd7 7. d3 e5 8. Rb1 h6 9. Ne1 Nh5 10. b4 f5 11. Bd2 Ndf6 12. a4 g5 13. b5 f4 14. Nc2 g4 15. Nb4 Nh7 16. Ne4 Ng5 17. Nxg5 hxg5 18. a5 Qf6 19. Be4 Qh6 20. Be1 Nf6 21. Bg2 f3 22. exf3 gxf3 23. Bxf3 Bh3 24. Bd2 Bxf1 25. Qxf1 Rab8 26. Qg2 c6 27. h4 Nh7 28. bxc6 bxc6 29. Bxc6 Qf6 1/2-1/2

[Event "4NCL Division Four"]
[Site "Warwick, ENG"]
[Date "2024.02.11"]
[Round "6.82"]
[White "Davis, Cameron"]
[Black "Spanton, Tim R"]
[Result "1/2-1/2"]
[WhiteElo "1925"]
[BlackElo "1908"]
[PlyCount "33"]
[EventDate "2024.02.11"]
[WhiteTeam "Oxford 3"]
[BlackTeam "Wessex B"]

1. d4 d5 2. Bf4 e6 3. e3 Bd6 4. Qg4 g6 5. Qf3 Bxf4 6. Qxf4 Qd6 7. Ne2 b6 8. Qxd6 cxd6 9. Nf4 Ba6 10. Bxa6 Nxa6 11. h4 h5 12. c3 Nh6 13. a4 Nc7 14. Na3 Kd7 15. Nb5 a6 16. Nxc7 Kxc7 17. Ke2 1/2-1/2

[Event "4NCL Division Four"]
[Site "Warwick, ENG"]
[Date "2024.02.11"]
[Round "6.83"]
[White "Chilton, James I"]
[Black "Hariharan, Shambavi"]
[Result "0-1"]
[WhiteElo "1847"]
[BlackElo "1972"]
[PlyCount "72"]
[EventDate "2024.02.11"]
[WhiteTeam "Wessex B"]
[BlackTeam "Oxford 3"]

1. d4 d5 2. c4 c6 3. e3 Nf6 4. Nc3 e6 5. Nf3 Nbd7 6. Bd3 dxc4 7. Bxc4 b5 8. Bd3 Bb7 9. O-O Be7 10. Re1 a6 11. a3 c5 12. Bd2 cxd4 13. exd4 O-O 14. Ne4 Nxe4 15. Bxe4 Bxe4 16. Rxe4 Nf6 17. Rh4 Qd5 18. Be3 Rac8 19. Rc1 Rxc1 20. Qxc1 Qb7 21. Qb1 Rc8 22. Ne1 g6 23. Bg5 Qc6 24. Qd3 Nd5 25. Bxe7 Nxe7 26. Re4 Qc1 27. Re2 Nf5 28. Kf1 Qf4 29. Nf3 Rc1+ 30. Re1 Rxe1+ 31. Nxe1 Qxh2 32. d5 exd5 33. Qxd5 Qh1+ 34. Ke2 Qh5+ 35. Kd2 Qg5+ 36. Kc2 Ne3+ 0-1

[Event "4NCL Division Four"]
[Site "Warwick, ENG"]
[Date "2024.02.11"]
[Round "6.84"]
[White "Liu, Justin"]
[Black "Stuart, Graham"]
[Result "1/2-1/2"]
[WhiteElo "1915"]
[BlackElo "1761"]
[PlyCount "31"]
[EventDate "2024.02.11"]
[WhiteTeam "Oxford 3"]
[BlackTeam "Wessex B"]

1. d4 Nf6 2. Bf4 g6 3. Nf3 Bg7 4. c3 O-O 5. Nbd2 b6 6. e4 d6 7. e5 dxe5 8. dxe5 Nh5 9. Be3 Nc6 10. Be2 Bxe5 11. Nxe5 Nxe5 12. Bd4 Qd5 13. Bxe5 Qxe5 14. O-O Nf4 15. Bf3 Rb8 16. Re1 1/2-1/2

[Event "4NCL Division Four"]
[Site "Warwick, ENG"]
[Date "2024.02.11"]
[Round "6.85"]
[White "Syed, Ashraf"]
[Black "Waterfield, Mark"]
[Result "0-1"]
[WhiteElo "1640"]
[BlackElo "1920"]
[PlyCount "62"]
[EventDate "2024.02.11"]
[WhiteTeam "Wessex B"]
[BlackTeam "Oxford 3"]

1. d4 d5 2. Bf4 Nf6 3. e3 c5 4. c3 Nc6 5. Nd2 Qb6 6. Qb3 c4 7. Qc2 g6 8. e4 Nxe4 9. Nxc4 dxc4 10. Bxc4 Bf5 11. Bd3 Nd6 12. Bxf5 Nxf5 13. Nf3 Bg7 14. Rd1 O-O 15. O-O Rac8 16. Qd2 Rfe8 17. Rfe1 Rcd8 18. Qe2 e6 19. h4 h5 20. g3 Nce7 21. Ne5 Nd5 22. Bc1 Nf6 23. Nc4 Qc6 24. Ne5 Qc8 25. Bg5 Rd5 26. g4 hxg4 27. Nxg4 Nxg4 28. Qxg4 e5 29. Qe4 Qe6 30. c4 Rxd4 31. Rxd4 exd4 0-1

[Event "4NCL Division Four"]
[Site "Warwick, ENG"]
[Date "2024.02.11"]
[Round "6.86"]
[White "Curran, David P"]
[Black "Wright, George A"]
[Result "1-0"]
[WhiteElo "1645"]
[BlackElo "1352"]
[PlyCount "69"]
[EventDate "2024.02.11"]
[WhiteTeam "Oxford 3"]
[BlackTeam "Wessex B"]

1. d4 Nf6 2. c4 c5 3. e3 d6 4. Nf3 g6 5. g3 Bg7 6. Bg2 O-O 7. O-O Nbd7 8. Nc3 a6 9. Qc2 Rb8 10. a4 b6 11. Rd1 Bb7 12. d5 Re8 13. e4 Qc7 14. Bd2 Bc8 15. h3 Nf8 16. Re1 h6 17. e5 Bf5 18. Qc1 N6h7 19. Bxh6 Bxe5 20. Nxe5 dxe5 21. Qe3 Nd7 22. g4 Bc2 23. Rec1 Bb3 24. Ne4 b5 25. Qxb3 b4 26. Re1 f6 27. Rad1 Rbd8 28. Qd3 Nb6 29. Nxf6+ Kf7 30. Nxh7 Rd6 31. Ng5+ Kg8 32. Ne6 Rxe6 33. dxe6 Kh7 34. g5 a5 35. Qf3 1-0

[Event "4NCL Division Four"]
[Site "Warwick, ENG"]
[Date "2024.02.11"]
[Round "6.91"]
[White "Jayawarna, Thisumi"]
[Black "Martin, Lewis"]
[Result "0-1"]
[WhiteElo "1591"]
[BlackElo "2256"]
[PlyCount "122"]
[EventDate "2024.02.11"]
[WhiteTeam "She Plays To Win Young Stars A"]
[BlackTeam "English Deaf Chess Association"]

1. e4 c6 2. d4 d5 3. Nc3 dxe4 4. Nxe4 Bf5 5. Ng3 Bg6 6. h4 h6 7. Nf3 Nd7 8. h5 Bh7 9. Bd3 Bxd3 10. Qxd3 e6 11. Bd2 Ngf6 12. O-O-O Be7 13. Kb1 O-O 14. Ne4 Nxe4 15. Qxe4 Nf6 16. Qe2 Qd5 17. Ne5 Qe4 18. Qxe4 Nxe4 19. Be1 Rfd8 20. f3 Nd6 21. g4 Bf6 22. Bg3 a5 23. Rhe1 a4 24. Bf2 a3 25. b3 Nb5 26. Rd3 c5 27. dxc5 Rxd3 28. cxd3 Nc3+ 29. Ka1 Rd8 30. d4 Nb5 31. Kb1 Nxd4 32. Bxd4 Rxd4 33. Nc4 Be7 34. Nxa3 Bxc5 35. Nc4 Rf4 36. Rf1 f5 37. Ne5 Bd6 38. Ng6 Rd4 39. gxf5 exf5 40. Kc2 f4 41. Kc3 Rd5 42. Rh1 Kf7 43. Rh2 Kf6 44. a4 Rd1 45. Rh4 Rf1 46. Rh3 Rg1 47. Nh4 Rg5 48. Ng6 Rg3 49. Rxg3 fxg3 50. Nh4 Kg5 51. Ng2 Kxh5 52. a5 Kg5 53. Kd3 Bb4 54. a6 bxa6 55. Ke2 h5 56. f4+ Kg4 57. Ne3+ Kh3 58. Kf3 Bd2 59. Ng2 g6 60. f5 gxf5 61. b4 h4 0-1

[Event "4NCL Division Four"]
[Site "Warwick, ENG"]
[Date "2024.02.11"]
[Round "6.92"]
[White "MacLeod, Alasdair"]
[Black "Jayawarna, Tarini"]
[Result "1/2-1/2"]
[WhiteElo "1847"]
[BlackElo "1545"]
[PlyCount "55"]
[EventDate "2024.02.11"]
[WhiteTeam "English Deaf Chess Association"]
[BlackTeam "She Plays To Win Young Stars A"]

1. e4 e6 2. b3 d5 3. Bb2 dxe4 4. Nc3 Nf6 5. Qe2 Bb4 6. O-O-O Qe7 7. Nxe4 Nxe4 8. Qxe4 f6 9. Nf3 Nc6 10. d4 Bd7 11. Bc4 O-O-O 12. c3 Ba3 13. Rhe1 Rde8 14. d5 Bxb2+ 15. Kxb2 Na5 16. dxe6 Nxc4+ 17. Qxc4 Bxe6 18. Qa4 a6 19. Re3 Qf7 20. Rde1 Bd7 21. Qd4 b6 22. c4 Rxe3 23. Rxe3 Re8 24. g3 Bc6 25. Nd2 Qh5 26. h4 Rxe3 27. Qxe3 Qe5+ 28. Qxe5 1/2-1/2